Missing Word: 2000s TV Shows Quiz Stats

 Plays Quiz Updated Nov 23, 2016

Score 0/20 Timer 03:00
0 Plays Today
TV Show Missing Word % Correct
Two and a ____ MenHalf
99.3%
The ____ Bang TheoryBig
98.6%
How I ____ Your MotherMet
98.3%
_____ AnatomyGrey's
97.2%
Six ____ UnderFeet
96.8%
Breaking ___Bad
96.6%
Gossip _____Girl
94.6%
___: MiamiCSI
91%
One _____ HillTree
90.5%
Arrested _____Development
90.2%
TV Show Missing Word % Correct
Sons of ______Anarchy
87.6%
30 ____Rock
87.1%
______ ShoreJersey
83.6%
The Good ____Wife
82.1%
_______ RunwayProject
82%
Battlestar _________Galactica
79.3%
___ MenMad
64.6%
_____ M.D.House
62.9%
_______ GirlsGilmore
59.4%
The _______ ReportColbert
57.5%

Today's Daily Dose

Missing Word
Fall Out Boy Songs

Word Ladder
Movies of 1999

Get the Picture
Pie Charts II

You're not logged in!

Compare scores with friends on all Sporcle quizzes.
OR
Log In

Show Comments

Extras

Top Quizzes Today


Score Distribution

Your Account Isn't Verified!

In order to create a playlist on Sporcle, you need to verify the email address you used during registration. Go to your Sporcle Settings to finish the process.

Report this User

Report this user for behavior that violates our Community Guidelines.

Details: